| Поле | Инд. | ПП | Название | Значение |
|---|---|---|---|---|
| Тип записи | a | |||
| Библиографический уровень | m | |||
| 001 | Контрольный номер | 7dd08923-9d9c-4eeb-b730-d5e8b3e27ba9 | ||
| 005 | Дата корректировки | 20220112110149.6 | ||
| 008 | Кодируемые данные | 081222 | ||
| 040 | a | Служба первич. каталог. | НБ ТвГУ | |
| 041 | 0_ | a | Код языка текста | rus |
| 080 | a | Индекс УДК | 398(=82) | |
| a | Индекс УДК | 398.22(=82) | ||
| 084 | a | Индекс другой классификации/Индекс ББК | Ш3(2=411.2) | |
| a | Индекс другой классификации/Индекс ББК | Ш3(2=411.2) | ||
| 090 | x | Авторский знак | П 81 | |
| a | Полочн. индекс | 891.7-91 | ||
| 100 | 1_ | a | Автор | Пропп Владимир Яковлевич |
| e | Роль лиц | Автор | ||
| 245 | 00 | a | Заглавие | Русский героический эпос |
| c | Ответственность | В. Я. Пропп | ||
| 250 | b | Дополнительные сведения об издании | Изд. 2-е испр. | |
| 260 | 0_ | a | Место издания | Ленинград |
| b | Издательство | Гослитиздат | ||
| c | Дата издания | 1958 | ||
| 300 | a | Объем | 603 с. | |
| 653 | 0_ | a | Ключевые слова | Фольклор |
| a | Ключевые слова | Русский фольклор | ||
| a | Ключевые слова | Эпос | ||
| a | Ключевые слова | Русский эпос | ||
| a | Ключевые слова | Героический эпос | ||
| a | Ключевые слова | Русский героический эпос | ||
| 852 | 41 | i | Расстановочный признак | Проверка 2021 |
| 901 | t | Тип документа | m | |
| 920 | a | Оператор | Поля | |
| a | Оператор | Лиси | ||
| 952 | c | Вид литературы | К рн | |
| 954 | a | Дата поступления на обработку | 20081222 | |
| e | Дата перешифровки | 20210906 | ||
| 954 | a | Дата поступления на обработку | 20220112 |